Vytváranie databázy výrobných zariadení pre projektovanie lisovní = The creating database of technological devices for designing pressrooms : Diplomová práca
Uložené v:
| Hlavný autor: | |
|---|---|
| Ďalší autori: | |
| Médium: | Rukopis Kniha |
| Jazyk: | Slovak |
| Vydavateľské údaje: |
Trnava :
STU v Bratislave MTF UVSM KTZS,
2009
|
| Predmet: | |
| Tagy: |
Žiadne tagy, Buďte prvý, kto otaguje tento záznam!
|
MARC
| LEADER | 00000ntm a22000003a 4500 | ||
|---|---|---|---|
| 001 | stu189327 | ||
| 005 | 20160719154430.9 | ||
| 008 | 090903s2009----xo------------------slo-d | ||
| 040 | |a STU |b slo | ||
| 041 | 0 | |a slo | |
| 044 | |a xo | ||
| 100 | 1 | |a Fiantok, Juraj |4 aut | |
| 245 | 1 | |a Vytváranie databázy výrobných zariadení pre projektovanie lisovní = The creating database of technological devices for designing pressrooms : |b Diplomová práca | |
| 260 | |a Trnava : |b STU v Bratislave MTF UVSM KTZS, |c 2009 | ||
| 300 | |a 75 s |c prílohy (1 CD-ROM) | ||
| 500 | |a Študijný program: výrobné zariadenia a systémy | ||
| 500 | |a Študijný odbor: 5.2.50 výrobná technika | ||
| 650 | 7 | |a automatizácia |2 stusub | |
| 650 | 7 | |a automatizačné prostriedky |2 stusub | |
| 650 | 7 | |a Lisovanie za studena |2 stusub | |
| 700 | 1 | |a Ulík, Anton, |d 1945- |4 xxx |u M150 |U MTF Ústav výrobných technológií |T MTF Katedra tvárnenia |X 211 |U M150 |Y M150 |7 A000000211 | |
| 996 | |b 284M077160 |c M*DP-8244 |l MMSKP |s P |a 0 |w stu189327_0001 | ||